| 000 | 00853cam a2200241 a 4500 | ||
|---|---|---|---|
| 001 | 000003385 | ||
| 005 | 20200929150428.0 | ||
| 008 | 960613s1998 ck 000 f spa | ||
| 020 | _a0789903741 | ||
| 040 |
_aDO-SdBNP _cDLC _dDLC |
||
| 041 | 1 | 7 |
_aspa _heng _2Código de idioma MARC |
| 082 |
_a813.54 _bL183c |
||
| 100 | 1 |
_aLaHaye, Tim F. _910555 |
|
| 245 | 1 | 3 |
_aEl comando tribulación : _bel drama continuo de los dejados atrás / _cTim LaHaye, Jerry B. Jenkins ; traducido al español por Nellyda Pablovsky. |
| 260 |
_aMiami, Fl. : _bUnilit, _c1998. |
||
| 300 |
_a335 p. ; _c23 cm. |
||
| 534 | _aTítulo original: Tribulation force | ||
| 650 | 4 |
_aNovela estadounidense _9262 |
|
| 650 | 4 |
_aLiteratura estadounidense _9263 |
|
| 700 | 1 |
_aJenkins, Jerry B. _910556 |
|
| 700 | 1 |
_aPablovsky, Nellyda ; _etr. _910557 |
|
| 910 | _aCatalogación por copia / LC | ||
| 999 |
_c3215 _d3215 |
||